Statistics for Colorado Geographic Groups of Four

Click here to take the quiz!

General Stats

  • This quiz has been taken 16 times
  • The average score is 14 of 24

Answer Stats

CategoryAnswers% Correct
University of Colorado campusesBoulder
100%
University of Colorado campusesColorado Springs
92%
University of Colorado campusesDenver
92%
Summit County ski resortsBreckenridge
83%
Western Slope counties starting with MMesa
83%
National parksRocky Mountain
83%
University of Colorado campusesAnschutz (Aurora)
75%
National parksBlack Canyon of the Gunnison
75%
National parksGreat Sand Dunes
75%
National parksMesa Verde
67%
Boulder County cities starting with LLongmont
58%
Cities starting with SilverSilverton
58%
Summit County ski resortsCopper Mountain
50%
Boulder County cities starting with LLafayette
50%
Western Slope counties starting with MMontrose
50%
Cities starting with SilverSilverthorne
50%
Boulder County cities starting with LLouisville
42%
Western Slope counties starting with MMoffat
42%
Western Slope counties starting with MMontezuma
42%
Summit County ski resortsKeystone
33%
Boulder County cities starting with LLyons
33%
Cities starting with SilverSilver Plume
33%
Summit County ski resortsArapahoe Basin
25%
Cities starting with SilverSilver Cliff
17%

Score Distribution

Percentile by Number Answered

Percent of People with Each Score

Your Score History

You have not taken this quiz